000 00473cam a2200145 4500500
005 20251012010531.0
041 _afre
042 _adc
100 1 0 _aJeancourt-Galignani, Oriane
_eauthor
245 0 0 _aAux sources de l’érotisme indien
260 _c2008.
500 _a62
786 0 _nPhilosophie magazine | 21 | 7 | 2008-07-01 | p. 7-11 | 1951-1787
856 4 1 _uhttps://shs.cairn.info/magazine-philosophie-magazine-2008-7-page-7?lang=fr&redirect-ssocas=7080
999 _c1519609
_d1519609